Score 0/25 Timer 01:00
1 Play Today
Question Answer Wrong Answers
Which corner is correctly labeled? Top Left
67.8%
Bottom Right
0.6%
Top Right
0.3%
Bottom Left
0.7%
Which corner is correctly labeled? Bottom Right
67.6%
Top Right
0.9%
Bottom Left
0.4%
Top Left
0.5%
Which corner is correctly labeled? Bottom Right
67.5%
Top Right
0.9%
Bottom Left
0.3%
Top Left
0.6%
Which corner is correctly labeled? Top Left
67.5%
Bottom Left
0.3%
Bottom Right
0.9%
Top Right
0.3%
Which corner is correctly labeled? Top Left
67.4%
Bottom Left
0.4%
Bottom Right
1%
Top Right
0.3%
Which corner is correctly labeled? Top Right
67.4%
Bottom Left
0.6%
Bottom Right
0.8%
Top Left
0.3%
Which corner is correctly labeled? Top Left
67.3%
Bottom Left
0.4%
Bottom Right
0.9%
Top Right
0.3%
Which corner is correctly labeled? Top Right
67.3%
Bottom Left
0.7%
Bottom Right
0.9%
Top Left
0.3%
Which corner is correctly labeled? Top Right
67.3%
Bottom Right
0.5%
Top Left
0.4%
Bottom Left
0.9%
Which corner is correctly labeled? Bottom Left
67.2%
Top Right
1.2%
Bottom Right
0.5%
Top Left
0.3%
Which corner is correctly labeled? Top Left
67.2%
Bottom Left
0.4%
Bottom Right
0.9%
Top Right
0.3%
Which corner is correctly labeled? Top Right
67.2%
Bottom Left
0.6%
Bottom Right
0.8%
Top Left
0.2%
Which corner is correctly labeled? Top Right
67.1%
Bottom Right
0.4%
Top Left
0.3%
Bottom Left
1.1%
Which corner is correctly labeled? Bottom Right
67.1%
Top Right
0.9%
Bottom Left
0.4%
Top Left
0.5%
Which corner is correctly labeled? Top Left
67.1%
Bottom Right
0.6%
Top Right
0.2%
Bottom Left
0.7%
Which corner is correctly labeled? Bottom Right
67.1%
Bottom Left
0.6%
Top Left
1.1%
Top Right
0.3%
Which corner is correctly labeled? Top Left
67%
Bottom Right
0.6%
Top Right
0.3%
Bottom Left
0.7%
Which corner is correctly labeled? Bottom Left
67%
Top Right
1.3%
Bottom Right
0.5%
Top Left
0.2%
Which corner is correctly labeled? Bottom Left
66.9%
Top Right
1.3%
Bottom Right
0.5%
Top Left
0.3%
Which corner is correctly labeled? Bottom Right
66.9%
Bottom Left
0.5%
Top Left
1.2%
Top Right
0.3%
Which corner is correctly labeled? Top Right
66.9%
Bottom Right
0.5%
Top Left
0.4%
Bottom Left
1.2%
Which corner is correctly labeled? Bottom Left
66.9%
Top Right
1.3%
Bottom Right
0.4%
Top Left
0.3%
Which corner is correctly labeled? Bottom Left
66.8%
Bottom Right
0.5%
Top Left
1.1%
Top Right
0.7%
Which corner is correctly labeled? Bottom Right
66.8%
Bottom Left
0.6%
Top Left
1.2%
Top Right
0.3%
Which corner is correctly labeled? Bottom Left
66.4%
Bottom Right
0.5%
Top Left
1%
Top Right
0.7%

You're not logged in!

Compare scores with friends on all Sporcle quizzes.
OR
Log In

Sporcle TV

Today on Sporcle TV


Watch our educational content, quiz creation guides, and fun videos on Sporcle TV.

Show Comments

Extras

Top Quizzes Today


Score Distribution

Your Account Isn't Verified!

In order to create a playlist on Sporcle, you need to verify the email address you used during registration. Go to your Sporcle Settings to finish the process.

Report this User

Report this user for behavior that violates our Community Guidelines.

Details: